000 00317nam a22001337a 4500
008 170816b xxu||||| |||| 00| 0 eng d
020 _a0130694029
041 _aeng
080 _22ND
_a311
100 _a36
101 _aSTA
245 _aBASIC STATISTICS FOR THE BEHAVIORAL SCIENCES
_cHOPKINS,K.D
942 _2udc
_cBK
999 _c23662
_d23662